000 00310nam a22001337a 4500
008 210224b ||||| |||| 00| 0 eng d
020 _a9781121518254
041 _aeng
080 _a330
100 _a52
101 _aEKO
245 _aReal Estate Principles
_cSaint Cloud State University
942 _2udc
_cBK
999 _c55170
_d55170